000 00651nam a2200205 i 4500
001 21119
003 ES-MaACL
005 20230906152425.0
007 t|
008 021121s1922 fr ||||1| fre d
100 1 _aAchille-Delmas, F.
_918267
245 1 3 _aLa personnalité humaine
_b: son analyse /
_cF. Achille-Delmas, Marcel Boll.
260 _aParis :
_bErnest Flammarion,
_c[1922] (
_fHemmerlé)
300 _a283 p. ;
_c19 cm.
490 1 _aBibliothèque de philosophie scientifique
700 1 _aBoll, Marcel.
_929975
830 0 _aBibliothèque de philosophie scientifique
_9181135
852 _aES-MaACL
_jF-6430
999 _c21119
_d21119